<?xml version="1.0" encoding="UTF-8"?>
<collection xmlns="http://www.loc.gov/MARC21/slim">
 <record>
  <leader>01535nas a2200253 i 4500</leader>
  <controlfield tag="001">acta88884</controlfield>
  <controlfield tag="005">20251119101857.0</controlfield>
  <controlfield tag="008">251119s2025    hu      o     000   eng d</controlfield>
  <datafield tag="022" ind1=" " ind2=" ">
   <subfield code="a">1417-3875</subfield>
  </datafield>
  <datafield tag="024" ind1="7" ind2=" ">
   <subfield code="a">10.14232/ejqtde.2025.1.4</subfield>
   <subfield code="2">doi</subfield>
  </datafield>
  <datafield tag="040" ind1=" " ind2=" ">
   <subfield code="a">SZTE Egyetemi Kiadványok Repozitórium</subfield>
   <subfield code="b">hun</subfield>
  </datafield>
  <datafield tag="041" ind1=" " ind2=" ">
   <subfield code="a">eng</subfield>
  </datafield>
  <datafield tag="100" ind1="1" ind2=" ">
   <subfield code="a">Abdou Aboubacar</subfield>
  </datafield>
  <datafield tag="245" ind1="1" ind2="0">
   <subfield code="a">Multiple solutions for a parametric Steklov problem involving the p(x)-Laplacian operator</subfield>
   <subfield code="h">[elektronikus dokumentum] /</subfield>
   <subfield code="c"> Abdou Aboubacar</subfield>
  </datafield>
  <datafield tag="260" ind1=" " ind2=" ">
   <subfield code="c">2025</subfield>
  </datafield>
  <datafield tag="300" ind1=" " ind2=" ">
   <subfield code="a">27</subfield>
  </datafield>
  <datafield tag="490" ind1="0" ind2=" ">
   <subfield code="a">Electronic journal of qualitative theory of differential equations</subfield>
  </datafield>
  <datafield tag="520" ind1="3" ind2=" ">
   <subfield code="a">In this paper, we study the existence and multiplicity of weak solutions for a Steklov problem involving p(x)-Laplacian operator in a bounded domain Ω ⊂ RN (N ≥ 2) with smooth boundary ∂Ω. The boundary equation is perturbed with some weight functions belonging to approriate generalized Lebesgue spaces and two real parameters. Our arguments are based on variational method, using “Mountain Pass Theorem”, “Fountain Theorem” and “Dual Fountain Theorem” combined with the critical points theory, we prove several existence results.</subfield>
  </datafield>
  <datafield tag="650" ind1=" " ind2="4">
   <subfield code="a">Természettudományok</subfield>
  </datafield>
  <datafield tag="650" ind1=" " ind2="4">
   <subfield code="a">Matematika</subfield>
  </datafield>
  <datafield tag="695" ind1=" " ind2=" ">
   <subfield code="a">Steklov-probléma, p(x)-Laplace-operátor, Sobolev-tér, Mountain Pass-tétel, Fountain-tétel, Dual Fountain-tétel</subfield>
  </datafield>
  <datafield tag="700" ind1="0" ind2="2">
   <subfield code="a">Karimou Gazibo Mohamed</subfield>
   <subfield code="e">aut</subfield>
  </datafield>
  <datafield tag="700" ind1="0" ind2="2">
   <subfield code="a">Marcos Aboubacar</subfield>
   <subfield code="e">aut</subfield>
  </datafield>
  <datafield tag="856" ind1="4" ind2="0">
   <subfield code="u">http://acta.bibl.u-szeged.hu/88884/1/ejqtde_2025_004.pdf</subfield>
   <subfield code="z">Dokumentum-elérés </subfield>
  </datafield>
 </record>
</collection>
